Leader xxxxxxxxxx
001 __ PCLIS00034169
005 __ 20210722083407.0
009 __ |a(CIP)92002189
010 0_ |a957-679-869-8|b平裝附光碟片|dNT$269
050 __ |a001132510|z101361088
100 __ |a20030210d2003 m y0chiy09 e
101 0_ |achi
102 __ |atw
105 __ |ay z 000ad
200 1_ |a吳淡如新說紅樓夢|f曹雪芹原著|g吳淡如作
205 __ |a初版
210 __ |a臺北市|c方智|d2003[民92]
215 0_ |a447面|d21公分|e1張光碟片
225 1_ |a我的啟蒙書|v1
260 1_ |a2003
515 11 |a紅樓夢|zchi
605 __ |2csh|a紅樓夢|x通俗作品
681 __ |a857.49|b2634
700 _1 |a吳|b淡如
801 _0 |atw|bCIP|c20030206|gCCR
801 _1 |atw|bCIP|c20030206|gCCR
801 _2 |atw|b中圖|c20030701|gCCR
801 _1 |atw|b內湖高中|c20040408|gCCR
801 _2 |atw|b內湖高中|c20040408|gCCR
|